दो गज की दूरी/ (Record no. 201927)

MARC details
000 -LEADER
fixed length control field 00733nam a22002057a 4500
005 - DATE AND TIME OF LATEST TRANSACTION
control field 20240404125348.0
010 ## - LCCN (DPL NO)
LC control number HIN-127204
020 ## - INTERNATIONAL STANDARD BOOK NUMBER
International Standard Book Number 9789392228742
Terms of availability 400.00
035 ## - SYSTEM CONTROL NUMBER
System control number HN-99550
037 ## - SOURCE OF ACQUISITION
Source of stock number/acquisition DBAD/PUB.
082 ## - DEWEY DECIMAL CLASSIFICATION NUMBER
Classification number
100 ## - MAIN ENTRY--PERSONAL NAME
Personal name कालिया,ममता
245 ## - TITLE STATEMENT
Title दो गज की दूरी/
Statement of responsibility, etc ममता कालिया
250 ## - EDITION STATEMENT
Edition statement 1
260 ## - PUBLICATION, DISTRIBUTION, ETC. (IMPRINT)
Place of publication, distribution, etc उत्तर प्रदेश
Name of publisher, distributor, etc सेतु प्रकाशन
Date of publication, distribution, etc 2022
270 ## - ADDRESS
Address सी-21 सेक्टर-65 नॉएडा
City उत्तर प्रदेश
Postal code 201301
300 ## - PHYSICAL DESCRIPTION
Extent 167पृ;
Dimensions 21 सेमी (सजिल्द)
700 ## - ADDED ENTRY--PERSONAL NAME
9 (RLIN) 63915
942 ## - ADDED ENTRY ELEMENTS (KOHA)
Institution code [OBSOLETE] dpl
Item type Hindi Books
Source of classification or shelving scheme Dewey Decimal Classification
Classification part
Call number suffix कालिया
Holdings
Withdrawn status Lost status Not for loan Collection code Home library Current library Date acquired Source of acquisition Cost, normal purchase price Full call number Barcode Copy number Cost, replacement price Koha item type
      Fiction Bawana Bawana 04/04/2024 DBAD 400.00 क कालिया HN-99550 1 400.00 Hindi Books

© Delhi Public Library
Hit Counter
free hit counter